|
|
|
|
| LEADER |
00953cam a2200253 7i4500 |
| 001 |
0000020052 |
| 005 |
20230518090000.0 |
| 008 |
080814 eng |
| 020 |
|
|
|a 0194371417
|
| 020 |
|
|
|a 9780194371414
|
| 090 |
0 |
0 |
|a PE1404
|b .T75 1996
|
| 100 |
1 |
|
|a Tribble, Christopher
|
| 245 |
1 |
0 |
|a Writing
|c Christopher Tribble.
|
| 260 |
|
|
|a Oxford:
|b Oxford University Press,
|c 1996.
|
| 300 |
|
|
|a xii, 172 p.:
|b ill.;
|c 25 cm.
|
| 490 |
0 |
|
|a Language teaching : a scheme for teacher education
|
| 504 |
|
|
|a Includes bibliographical references and index
|
| 650 |
0 |
0 |
|a Authorship --
|x Style manuals
|
| 650 |
0 |
0 |
|a Teachers --
|x Training of
|
| 650 |
0 |
0 |
|a English language --
|x Composition and exercises
|
| 997 |
|
|
|a Education & Social Sciences, Faculty
|b Language Education, Department
|
| 998 |
|
|
|a TESL, Diploma
|
| 999 |
|
|
|a 0000031571
|b BOK
|c OPEN SHELF
|e 1st Floor, Bestari Jaya
|
| 999 |
|
|
|a 0000031576
|b BOK
|c OPEN SHELF
|e 1st Floor, Bestari Jaya
|